000 02382nam a22003257a 4500
003 UA-OsUOA
001 106011
007 ta
008 20140424b un ||||| |||| 00| 0 ukr d
100 _aФримен А.
700 _aСандерсон С.
090 _a004.4
_bФ88
942 _cBK
040 _aUA-OsUOA
_brus
_cUA-OsUOA
_dUA-OsUOA
245 _aASP.NET MVC 3 Framework с примерами на С # для профессионалов
300 _a672 с.
955 _a2
041 _arus
080 _a004.4
020 _a978-5-8459-1758-4
520 3 _aОглавление Об авторах Часть I. Введение в ASP.NET MVC Глава 1. Основная идея Глава 2. Подготовка Глава 3. Ваше первое приложение MVC Глава 4. Архитектурный шаблон MVC Глава 5. Важные функциональные возможности языка Г
520 3 _aлава 6. Инструменты, важные для MVC Глава 7. SportsStore: реальное приложение Глава 8. SportsStore: навигация и корзина для покупок Глава 9. SportsStore: администрированиеЧасть II. Детальные сведения об ASP.NET MVC Глава 10. Об
520 3 _aзор проектов MVC Глава 10. Обзор проектов MVC Глава 11. URL, маршрутизация и области Глава 12. Контроллеры и действия Глава 13. Фильтры Глава 14. Расширяемость контроллеров Глава 15. Представления Глава 16. Шаблоны модели
520 3 _aГлава 17. Привязка модели Глава 18. Проверка достоверности модели Глава 19. Ненавязчивый Ajax Глава 20. JQueryЧасть III. Доставка успешных проектов ASP.NET MVC Глава 21. Безопасность и уязвимость Глава 22. Аутентифик
520 3 _aация и авторизация Глава 23. Развертывание
260 _aМ.
_bИ. Д. Вильямс
_c2012
250 _n3-е изд.
650 7 _a00 Загальні питання науки і культури
_2UDC
999 _c392510
_d392510